[Event "GER-chT U20 Girls"]
[Site "Osnabrueck"]
[Date "2011.12.27"]
[Round "2.1"]
[White "Duessler, Stefanie"]
[Black "Dorn, Carina"]
[Result "1-0"]
[WhiteElo "1950"]
[BlackElo "1879"]
[PlyCount "105"]
[EventDate "2011.12.27"]
[EventType "team-swiss"]
[EventRounds "7"]
[EventCountry "GER"]
[SourceTitle "CBM 146 Extra"]
[Source "ChessBase"]
[SourceDate "2012.02.29"]
[SourceVersion "1"]
[SourceVersionDate "2012.02.29"]
[SourceQuality "1"]
[WhiteTeam "Nordhorn Blanke (W)"]
[BlackTeam "Muelheim Nord (W)"]
[WhiteTeamCountry "GER"]
[BlackTeamCountry "GER"]

1. e4 e6 2. d4 d5 3. Nc3 Bb4 4. e5 Qd7 5. Qg4 f5 6. Qg3 b6 7. Nh3 Ba6 8. Bxa6 Nxa6 9. a3 Bf8 10. Nf4 Ne7 11. h4 c5 12. Nce2 Nc6 13. c3 cxd4 14. cxd4 Na5 15. Qd3 Nc7 16. b3 Rc8 17. Bb2 Be7 18. Rh3 Kf7 19. Kf1 Nb5 20. a4 Nc7 21. Ba3 Nc6 22. Bxe7 Qxe7 23. Rc1 Nb4 24. Qd2 b5 25. Nc3 bxa4 26. Nxa4 Nca6 27. h5 Rxc1+ 28. Qxc1 Qd7 29. Qd2 Rc8 30. Rc3 Qb5+ 31. Kg1 Rxc3 32. Qxc3 Qc6 33. Ne2 Qb5 34. Nf4 Qc6 35. Nc5 Nxc5 36. Qxb4 Ne4 37. g3 Qb6 38. Qa4 Ke7 39. Qa3+ Kf7 40. Qa4 Ke7 41. Nd3 Nc3 42. Qa3+ Kf7 43. Nf4 Qxd4 44. Qd6 Ne2+ 45. Nxe2 Qd1+ 46. Kg2 Qxe2 47. Qd7+ Kf8 48. Qd6+ Kf7 49. Qd7+ Kf8 50. Qxe6 Qe4+ 51. Kh2 a5 52. Qd6+ Kf7 53. Qd7+ 1-0

[Event "GER-ch U18 Girls"]
[Site "Oberhof"]
[Date "2010.05.28"]
[Round "8"]
[White "Stitterich, Nadine"]
[Black "Dorn, Carina"]
[Result "1-0"]
[WhiteElo "1974"]
[BlackElo "1869"]
[PlyCount "81"]
[EventDate "2010.05.22"]
[EventType "swiss"]
[EventRounds "9"]
[EventCountry "GER"]
[SourceTitle "CBM 136 Extra"]
[Source "ChessBase"]
[SourceDate "2010.07.02"]
[SourceVersion "2"]
[SourceVersionDate "2010.07.15"]
[SourceQuality "1"]

1. e4 e6 2. d4 d5 3. Nc3 Bb4 4. e5 Qd7 5. Bd2 b6 6. Bb5 c6 7. Ba4 a5 8. a3 Bf8 9. Nf3 Ba6 10. Ne2 Ne7 11. 0-0 Nf5 12. Re1 Be7 13. c3 Nh4 14. Nxh4 Bxh4 15. Nf4 g6 16. Qg4 Be7 17. Bc2 c5 18. h4 Nc6 19. Nh3 h6 20. Rad1 cxd4 21. cxd4 Rc8 22. Bb1 Bc4 23. Bc1 b5 24. Nf4 Rg8 25. Nh5 Qd8 26. Bxh6 Kd7 27. Nf6+ Bxf6 28. exf6 Qxf6 29. Bg5 Qg7 30. Qf4 Rc7 31. Bf6 Qh7 32. Bc2 b4 33. Ba4 Kc8 34. b3 Ba6 35. Rc1 Kb7 36. axb4 axb4 37. Bxc6+ Rxc6 38. Rxc6 Kxc6 39. Rc1+ Kb7 40. Qc7+ Ka8 41. Ra1 1-0

[Event "GER-ch U18 Girls"]
[Site "Oberhof"]
[Date "2010.05.26"]
[Round "6"]
[White "Dorn, Carina"]
[Black "Schoebel, Ulrike"]
[Result "1-0"]
[WhiteElo "1869"]
[BlackElo "1656"]
[PlyCount "57"]
[EventDate "2010.05.22"]
[EventType "swiss"]
[EventRounds "9"]
[EventCountry "GER"]
[SourceTitle "CBM 136 Extra"]
[Source "ChessBase"]
[SourceDate "2010.07.02"]
[SourceVersion "2"]
[SourceVersionDate "2010.07.15"]
[SourceQuality "1"]

1. e4 d5 2. exd5 Qxd5 3. Nf3 Bf5 4. Be2 Nf6 5. d4 e6 6. 0-0 Qa5 7. Nbd2 c6 8. c4 Be7 9. Ne5 0-0 10. Ndf3 Rd8 11. Bd2 Qb6 12. Bc3 c5 13. Bd3 Bxd3 14. Qxd3 Nc6 15. dxc5 Qxc5 16. Qc2 Nxe5 17. Bxe5 b5 18. Rac1 Rac8 19. b3 Nd7 20. Bd4 Qc7 21. Qb2 Bf6 22. cxb5 Qf4 23. Rxc8 Rxc8 24. Bxf6 Nxf6 25. Qd4 Qc7 26. Rd1 h6 27. Ne5 Qb7 28. Nc6 Qxb5 29. Ne7+ 1-0

[Event "Niedersachsen-ch open"]
[Site "Verden"]
[Date "2010.01.03"]
[Round "1.4"]
[White "Dorn, Carina"]
[Black "Eschholz, Enno"]
[Result "0-1"]
[WhiteElo "1867"]
[BlackElo "2198"]
[PlyCount "54"]
[EventDate "2010.01.03"]
[EventType "swiss"]
[EventRounds "7"]
[EventCountry "GER"]
[SourceTitle "EXT 2012"]
[Source "ChessBase"]
[SourceDate "2011.11.24"]
[SourceVersion "1"]
[SourceVersionDate "2011.11.24"]
[SourceQuality "1"]

1. d4 Nf6 2. c4 Nc6 3. Nf3 e6 4. Bg5 Bb4+ 5. Nbd2 h6 6. Bxf6 Qxf6 7. e3 0-0 8. a3 Bxd2+ 9. Qxd2 d6 10. Bd3 e5 11. dxe5 dxe5 12. Be4 Bf5 13. Qc2 Bxe4 14. Qxe4 Rad8 15. 0-0 Qe7 16. Rfd1 f5 17. Qc2 e4 18. Nd4 Ne5 19. Qb3 c5 20. Nb5 Qh4 21. Rxd8 Rxd8 22. Rd1 Rf8 23. h3 Nd3 24. Qc2 Rf6 25. Rf1 Rg6 26. Kh1 f4 27. exf4 Rxg2 0-1

[Event "GER-chT U20 Girls "]
[Site "Chemnitz"]
[Date "2009.12.30"]
[Round "7.3"]
[White "Dorn, Carina"]
[Black "Biryuk, Svitlana"]
[Result "1-0"]
[WhiteElo "1867"]
[BlackElo "1135"]
[PlyCount "117"]
[EventDate "2009.12.27"]
[EventType "team-swiss"]
[EventRounds "7"]
[EventCountry "GER"]
[SourceTitle "EXT 2022"]
[Source "ChessBase"]
[SourceDate "2021.10.06"]
[SourceVersion "1"]
[SourceVersionDate "2021.10.06"]
[SourceQuality "1"]
[WhiteTeam "Dresden Gruen Weiss U20 Girls"]
[BlackTeam "Duesseldorf SF 75 U20 Girls"]
[WhiteTeamCountry "GER"]
[BlackTeamCountry "GER"]

1. d4 d5 2. c4 c6 3. Nf3 Nf6 4. Nc3 Bf5 5. Bg5 Nbd7 6. e3 h6 7. Bh4 e6 8. Be2 Be7 9. 0-0 0-0 10. Rc1 Ne4 11. Bxe7 Qxe7 12. Nd2 Ndf6 13. f3 Nxd2 14. Qxd2 Rad8 15. cxd5 exd5 16. Bd3 Bxd3 17. Qxd3 Rfe8 18. Rfe1 Rd6 19. Rc2 Re6 20. Rce2 Nh5 21. Qf5 g6 22. Qd3 f5 23. Qd2 Qg5 24. b4 Nf6 25. b5 Kg7 26. bxc6 bxc6 27. Qd3 Nh5 28. Na4 f4 29. e4 dxe4 30. Rxe4 Rxe4 31. Rxe4 Rxe4 32. Qxe4 Qd5 33. Qxd5 cxd5 34. Nc3 Nf6 35. Nb5 a5 36. Nd6 Nd7 37. Kf2 Kf6 38. Ke2 Ke6 39. Nb7 Nb6 40. Nxa5 Na4 41. Kd3 g5 42. h3 h5 43. Kc2 Nb6 44. Kb3 Nd7 45. Nc6 Nf8 46. Ne5 Nd7 47. Nxd7 Kxd7 48. Kb4 Kc6 49. a4 Kb6 50. a5+ Kc6 51. a6 Kb6 52. a7 Kxa7 53. Kc5 Kb7 54. Kxd5 Kc8 55. Kd6 Kd8 56. d5 h4 57. Ke6 Ke8 58. d6 Kd8 59. d7 1-0

[Event "GER-chT U20 Girls "]
[Site "Chemnitz"]
[Date "2009.12.28"]
[Round "3.3"]
[White "Bruehan, Caren"]
[Black "Dorn, Carina"]
[Result "1/2-1/2"]
[WhiteElo "1288"]
[BlackElo "1867"]
[PlyCount "73"]
[EventDate "2009.12.27"]
[EventType "team-swiss"]
[EventRounds "7"]
[EventCountry "GER"]
[SourceTitle "EXT 2022"]
[Source "ChessBase"]
[SourceDate "2021.10.06"]
[SourceVersion "1"]
[SourceVersionDate "2021.10.06"]
[SourceQuality "1"]
[WhiteTeam "Heusweiler SC Reti U20 Girls"]
[BlackTeam "Dresden Gruen Weiss U20 Girls"]
[WhiteTeamCountry "GER"]
[BlackTeamCountry "GER"]

1. d4 Nf6 2. Nf3 e6 3. e3 b6 4. c3 Bb7 5. Bd3 c5 6. 0-0 d5 7. Re1 Bd6 8. Nbd2 Nbd7 9. e4 dxe4 10. Nxe4 Nxe4 11. Bxe4 Bxe4 12. Rxe4 Nf6 13. Bg5 Be7 14. Bxf6 gxf6 15. Qa4+ Qd7 16. Qxd7+ Kxd7 17. Rd1 Kc7 18. dxc5 Bxc5 19. b4 Bf8 20. Rc4+ Kb7 21. Rd7+ Ka6 22. a4 Bxb4 23. cxb4 Rhd8 24. Rcd4 Rxd7 25. Rxd7 Rc8 26. h3 Rc1+ 27. Kh2 e5 28. a5 Rc4 29. axb6 axb6 30. Rxf7 Rf4 31. Nd2 Rxf2 32. Nc4 e4 33. Re7 f5 34. Re5 h5 35. b5+ Ka7 36. Re7+ Kb8 37. Kg1 1/2-1/2

[Event "GER-chT U20 Girls "]
[Site "Chemnitz"]
[Date "2009.12.28"]
[Round "4.3"]
[White "Dorn, Carina"]
[Black "Stitterich, Nadine"]
[Result "0-1"]
[WhiteElo "1867"]
[BlackElo "1956"]
[PlyCount "80"]
[EventDate "2009.12.27"]
[EventType "team-swiss"]
[EventRounds "7"]
[EventCountry "GER"]
[SourceTitle "EXT 2022"]
[Source "ChessBase"]
[SourceDate "2021.10.06"]
[SourceVersion "1"]
[SourceVersionDate "2021.10.06"]
[SourceQuality "1"]
[WhiteTeam "Dresden Gruen Weiss U20 Girls"]
[BlackTeam "Stuttgart Wolfbusch U20 Girls"]
[WhiteTeamCountry "GER"]
[BlackTeamCountry "GER"]

1. d4 Nf6 2. c4 g6 3. Nc3 Bg7 4. e4 d6 5. Nf3 0-0 6. Be2 e5 7. 0-0 Nc6 8. d5 Ne7 9. b4 Nh5 10. Re1 f5 11. Ng5 Nf6 12. Bf3 h6 13. Ne6 Bxe6 14. dxe6 f4 15. c5 g5 16. Bb2 Kh8 17. cxd6 cxd6 18. Nb5 Nc8 19. Rc1 a6 20. Nc7 Ra7 21. Bg4 Ne7 22. Bf5 b5 23. Qc2 Qb8 24. Bxe5 dxe5 25. Qc5 Nxf5 26. exf5 Rc8 27. Nxa6 Rxc5 28. Nxb8 Rxc1 29. Rxc1 Rxa2 30. Rc8+ Kh7 31. h3 Ra1+ 32. Kh2 Ra8 33. e7 e4 34. e8Q Nxe8 35. Rxe8 e3 36. fxe3 fxe3 37. Kg3 Rxb8 38. Rxb8 Be5+ 39. Kf3 Bxb8 40. Kxe3 Bd6 0-1

[Event "GER-chT U20 Girls "]
[Site "Chemnitz"]
[Date "2009.12.27"]
[Round "1.3"]
[White "Bachem, Lisa"]
[Black "Dorn, Carina"]
[Result "0-1"]
[WhiteElo "1221"]
[BlackElo "1867"]
[PlyCount "120"]
[EventDate "2009.12.27"]
[EventType "team-swiss"]
[EventRounds "7"]
[EventCountry "GER"]
[SourceTitle "EXT 2022"]
[Source "ChessBase"]
[SourceDate "2021.10.06"]
[SourceVersion "1"]
[SourceVersionDate "2021.10.06"]
[SourceQuality "1"]
[WhiteTeam "Fritzdorf Gruen Weiss U20 Girls"]
[BlackTeam "Dresden Gruen Weiss U20 Girls"]
[WhiteTeamCountry "GER"]
[BlackTeamCountry "GER"]

1. e4 e6 2. d4 d5 3. e5 c5 4. c3 Nc6 5. Nf3 Qb6 6. Bd3 Nge7 7. 0-0 Bd7 8. dxc5 Qxc5 9. Be3 Qa5 10. b4 Qc7 11. Bd4 Nf5 12. Bxf5 exf5 13. a3 a5 14. b5 Nxd4 15. Nxd4 Be6 16. Re1 a4 17. Qd3 Qd7 18. Nd2 Bc5 19. N2f3 0-0 20. Ng5 Rfc8 21. Ngxe6 fxe6 22. Nf3 Qc7 23. Ra2 Qb6 24. Nd4 Bxd4 25. cxd4 Rc4 26. Rd2 Qxb5 27. Rb1 Qc6 28. Rdd1 Rc8 29. Qd2 Rc3 30. Ra1 Rc2 31. Qd3 Qc3 32. Qxc3 R8xc3 33. g3 Rb3 34. Rdb1 Rcc3 35. Rxb3 Rxb3 36. Kf1 Kf8 37. Ke2 Ke8 38. Kd2 Kd7 39. Ra2 g5 40. h3 h5 41. Ke2 h4 42. gxh4 gxh4 43. f3 Rc3 44. Kf2 Kc6 45. Ke2 b5 46. Kf2 Kb6 47. Ke2 Ka5 48. Kf2 b4 49. Ke2 b3 50. Rb2 Kb5 51. Rd2 Kc4 52. Kf2 Rc2 53. Ke2 Rxd2+ 54. Kxd2 Kxd4 55. f4 Kc4 56. Kc1 Kc3 57. Kb1 d4 58. Kc1 d3 59. Kb1 d2 60. Ka1 d1Q# 0-1

[Event "GER-ch U16 Girls"]
[Site "Willingen"]
[Date "2009.06.04"]
[Round "7"]
[White "Dorn, Carina"]
[Black "Micklich, Rahel"]
[Result "1-0"]
[WhiteElo "1793"]
[BlackElo "1779"]
[PlyCount "101"]
[EventDate "2009.05.30"]
[EventType "swiss"]
[EventRounds "9"]
[EventCountry "GER"]
[SourceTitle "EXT 2010"]
[Source "ChessBase"]
[SourceDate "2010.11.25"]
[SourceVersion "1"]
[SourceVersionDate "2010.11.25"]
[SourceQuality "1"]

1. d4 e6 2. c4 f5 3. Nf3 Nf6 4. Bf4 Bb4+ 5. Nbd2 d6 6. a3 Bxd2+ 7. Qxd2 Ne4 8. Qc2 b6 9. Nd2 Bb7 10. Nxe4 Bxe4 11. Qc3 0-0 12. f3 Bb7 13. e3 Nd7 14. Bd3 Qe7 15. 0-0-0 c5 16. Bc2 d5 17. Rhe1 dxc4 18. dxc5 Rfc8 19. Bd6 Qf6 20. Qxc4 Nxc5 21. Bxc5 Rxc5 22. Qd4 Rac8 23. Rd2 Qxd4 24. exd4 R5c6 25. Kb1 Rd6 26. Bb3 Kf7 27. Re5 Kf6 28. Rde2 Re8 29. d5 Bc8 30. g4 g6 31. h4 h6 32. Kc2 Bd7 33. Kb1 Bc8 34. gxf5 gxf5 35. f4 Re7 36. h5 Bd7 37. Rg2 Be8 38. Rxe6+ Rdxe6 39. dxe6 Bxh5 40. Rg8 Bg4 41. Kc2 h5 42. Kd3 h4 43. Ke3 h3 44. Rh8 Kg7 45. Rh4 Kg6 46. Kd4 Rh7 47. Rxh7 Kxh7 48. e7 Bh5 49. Ke5 Bg6 50. Kf6 Kh6 51. Bf7 1-0

[Event "GER-ch U16 Girls"]
[Site "Willingen"]
[Date "2009.05.31"]
[Round "2"]
[White "Bluebaum, Johanna"]
[Black "Dorn, Carina"]
[Result "1-0"]
[WhiteElo "1951"]
[BlackElo "1793"]
[PlyCount "123"]
[EventDate "2009.05.30"]
[EventType "swiss"]
[EventRounds "9"]
[EventCountry "GER"]
[SourceTitle "EXT 2010"]
[Source "ChessBase"]
[SourceDate "2010.11.25"]
[SourceVersion "1"]
[SourceVersionDate "2010.11.25"]
[SourceQuality "1"]

1. d4 Nf6 2. c4 e6 3. Nc3 Bb4 4. Qc2 0-0 5. a3 Bxc3+ 6. Qxc3 Ne4 7. Qc2 f5 8. e3 b6 9. Ne2 Bb7 10. f3 Nf6 11. Nc3 c5 12. dxc5 bxc5 13. Be2 Nc6 14. 0-0 a6 15. b3 Qc7 16. Bb2 Rad8 17. Rad1 d6 18. Rd2 Rfe8 19. Rfd1 Ne5 20. Na2 Nf7 21. b4 Qc8 22. Nc1 e5 23. Nb3 e4 24. Bxf6 gxf6 25. f4 Kg7 26. Bh5 cxb4 27. axb4 Qc7 28. Nd4 Bc8 29. c5 dxc5 30. Qxc5 Qxc5 31. bxc5 Rd5 32. Ne6+ Bxe6 33. Rxd5 Bxd5 34. Rxd5 Re7 35. c6 Rc7 36. Kf2 Kf8 37. Rc5 Nd8 38. Be2 Rxc6 39. Rxc6 Nxc6 40. Bxa6 Ne7 41. Bc4 Kg7 42. Ke2 Ng6 43. g3 Ne7 44. Kd2 Nc8 45. Kc3 Kf8 46. Kd4 Ke7 47. Bg8 h6 48. Kd5 Nb6+ 49. Kd4 Kd6 50. Bh7 Ke6 51. h3 Nc8 52. g4 Ne7 53. Bxf5+ Nxf5+ 54. gxf5+ Kxf5 55. Kd5 h5 56. Kd4 Ke6 57. Kxe4 f5+ 58. Kd4 Kd6 59. e4 fxe4 60. Kxe4 Ke6 61. f5+ Kf6 62. Kf4 1-0

[Event "Niedersachsen-ch U16"]
[Site "Rotenburg"]
[Date "2009.04.06"]
[Round "4"]
[White "Evers, Annika"]
[Black "Dorn, Carina"]
[Result "0-1"]
[WhiteElo "1532"]
[BlackElo "1793"]
[PlyCount "84"]
[EventDate "2009.04.04"]
[EventType "swiss"]
[EventRounds "9"]
[EventCountry "GER"]
[SourceTitle "EXT 2010"]
[Source "ChessBase"]
[SourceDate "2010.11.25"]
[SourceVersion "1"]
[SourceVersionDate "2010.11.25"]
[SourceQuality "1"]

1. e4 e6 2. d4 d5 3. exd5 exd5 4. Bd3 Bd6 5. Ne2 Ne7 6. 0-0 Nbc6 7. c3 Bg4 8. f3 Bf5 9. Bxf5 Nxf5 10. Re1 Nce7 11. Bf4 c6 12. Nd2 0-0 13. Nf1 Ng6 14. Bxd6 Nxd6 15. Ne3 Qg5 16. Qc1 f5 17. Kh1 Rae8 18. Nf1 f4 19. Qc2 Nh4 20. Ng1 Nc4 21. Qf2 Nf5 22. Re2 Rxe2 23. Qxe2 Nce3 24. Re1 Qh6 25. Nh3 Nxf1 26. Qxf1 Ne3 27. Qf2 g5 28. Kg1 Qg6 29. a3 Qf5 30. Kh1 h6 31. Kg1 Qd3 32. Qe2 Qf5 33. Qf2 Kf7 34. Kh1 Re8 35. Kg1 Re6 36. Kh1 Qd3 37. Qe2 Qxe2 38. Rxe2 Nc4 39. Rxe6 Kxe6 40. b4 Nxa3 41. Nf2 b6 42. Kg1 a5 0-1

[Event "Niedersachsen-ch op"]
[Site "Verden"]
[Date "2009.01.06"]
[Round "7"]
[White "Gruender, Michael"]
[Black "Dorn, Carina"]
[Result "1/2-1/2"]
[WhiteElo "2031"]
[BlackElo "1778"]
[PlyCount "38"]
[EventDate "2009.01.03"]
[EventType "swiss"]
[EventRounds "7"]
[EventCountry "GER"]
[SourceTitle "EXT 2012"]
[Source "ChessBase"]
[SourceDate "2011.11.24"]
[SourceVersion "1"]
[SourceVersionDate "2011.11.24"]
[SourceQuality "1"]

1. Nf3 e6 2. c4 a6 3. Nc3 c5 4. g3 b6 5. Bg2 Bb7 6. 0-0 Nf6 7. Re1 Be7 8. e4 d6 9. d4 cxd4 10. Nxd4 Qc7 11. Be3 Nbd7 12. f4 0-0 13. Rc1 Rac8 14. g4 Nc5 15. Bf2 d5 16. cxd5 Qxf4 17. b4 Ncd7 18. d6 Bd8 19. Bg3 Qxg4 1/2-1/2

[Event "GER-chT Lands U20"]
[Site "Dresden"]
[Date "2008.11.16"]
[Round "5.7"]
[White "Stahnecker, Ludwig"]
[Black "Dorn, Carina"]
[Result "1/2-1/2"]
[WhiteElo "1783"]
[BlackElo "1785"]
[PlyCount "101"]
[EventDate "2008.11.14"]
[EventType "team-swiss"]
[EventRounds "7"]
[EventCountry "GER"]
[SourceTitle "EXT 2010"]
[Source "ChessBase"]
[SourceDate "2010.11.25"]
[SourceVersion "1"]
[SourceVersionDate "2010.11.25"]
[SourceQuality "1"]
[WhiteTeam "Rheinland Pfalz"]
[BlackTeam "Niedersachsen"]
[WhiteTeamCountry "GER"]
[BlackTeamCountry "GER"]

1. e4 e6 2. d4 d5 3. Nc3 Bb4 4. e5 Qd7 5. f4 b6 6. Nf3 Ba6 7. Bxa6 Nxa6 8. 0-0 Ne7 9. Qd3 Nb8 10. Ne2 Nf5 11. b3 0-0 12. g4 Nh6 13. f5 exf5 14. g5 Ng4 15. h3 h5 16. hxg4 hxg4 17. Nh4 g6 18. c4 c5 19. a3 Ba5 20. dxc5 bxc5 21. cxd5 Bb6 22. Qc4 Qe7 23. e6 Kh7 24. Rf2 Bc7 25. exf7 Rxf7 26. Bf4 Bxf4 27. Qxf4 Nd7 28. Ng2 Qe5 29. Qxe5 Nxe5 30. Ngf4 Nf3+ 31. Kg2 Nxg5 32. Nc3 Rb8 33. Rb1 Rfb7 34. Rfb2 Re7 35. b4 cxb4 36. Rxb4 Rc8 37. Nce2 Kg7 38. Nd4 Kf6 39. Nc6 Re3 40. R1b3 Rxb3 41. Rxb3 Rc7 42. Rb8 Nf7 43. Ra8 g5 44. Nd3 Rd7 45. Ndb4 Ne5 46. Rxa7 Rxa7 47. Nxa7 Nc4 48. a4 Ke5 49. Nac6+ Kd6 50. Kf2 Nb6 51. a5 1/2-1/2